Abnormal Psychology/ (Record no. 166455)

MARC details
000 -LEADER
fixed length control field 00520nam a22001697a 4500
010 ## - LCCN (DPL NO)
LC control number ENG-126063
020 ## - INTERNATIONAL STANDARD BOOK NUMBER
International Standard Book Number 978-93-86761-27-9
Terms of availability 1495.00(hb)
035 ## - SYSTEM CONTROL NUMBER
System control number EN-109595
037 ## - SOURCE OF ACQUISITION
Source of stock number/acquisition DABD/PUB
082 ## - DEWEY DECIMAL CLASSIFICATION NUMBER
Classification number 616.89
100 ## - MAIN ENTRY--PERSONAL NAME
Personal name Thakur, Lakshameshwar
Dates associated with a name 2018
245 ## - TITLE STATEMENT
Title Abnormal Psychology/
Statement of responsibility, etc by Lakshameshwar Thakur
260 ## - PUBLICATION, DISTRIBUTION, ETC. (IMPRINT)
Place of publication, distribution, etc New Delhi
Name of publisher, distributor, etc Ane Books Pvt.Ltd.
270 ## - ADDRESS
Address 4821,Parwana Bhawan 1st Floor 24 Ansari Road, Darya Ganj
300 ## - PHYSICAL DESCRIPTION
Extent 288p.
Other physical details 24cm(hb)
942 ## - ADDED ENTRY ELEMENTS (KOHA)
Source of classification or shelving scheme Dewey Decimal Classification
Item type English Books
Classification part 616.89
Call number suffix THA
Holdings
Withdrawn status Lost status Not for loan Collection code Home library Current library Date acquired Source of acquisition Cost, normal purchase price Full call number Barcode Copy number Cost, replacement price Koha item type
      Non-fiction Andrews Gunj Andrews Gunj 24/07/2019 DBAD/PUB 1495.00 616.89 THA EN-109595 1 1495.00 English Books

© Delhi Public Library
Hit Counter
free hit counter